MARC

LEADER 00000nam0a2200000 4500
001 328684
005 20231102004103.0
035 |a (RuTPU)RU\TPU\book\354384 
035 |a RU\TPU\book\354375 
090 |a 328684 
100 |a 20170221d1926 k y0rusy50 ca 
101 0 |a rus 
102 |a RU 
105 |a y z 000zy 
200 1 |a К вопросу о возрасте горизонта с Taonurus и Spirophyton на пол-ве Муравьева-Амурского  |d Sur l'age de l'horizon contenant le Taonurus et le Spirophyton sur la presqu'ile de Mouravieff-Amoursky  |f Б. С. Домбровский  |g Государственный дальневосточный университет (ГДУ) 
210 |a Владивосток  |c Типография ГДУ  |d 1926 
215 |a 8 с. 
225 1 |a Труды государственного Дальневосточного университета 
225 1 |a Серия 11 : Геология  |v № 1 
300 |a Парал. заглавие, резюме на фр. яз. 
510 1 |a Sur l'age de l'horizon contenant le Taonurus et le Spirophyton sur la presqu'ile de Mouravieff-Amoursky  |z fre 
606 1 |a Стратиграфия  |2 stltpush  |3 (RuTPU)RU\TPU\subj\57192  |9 75055 
610 1 |a Дальний Восток 
610 1 |a Владивосток 
610 1 |a геологические наблюдения 
610 1 |a слои 
610 1 |a горизонты 
610 1 |a обнажения 
675 |a 551.7  |v 4 
700 1 |a Домбровский  |b Б. С. 
712 0 2 |a Государственный дальневосточный университет (ГДУ)  |c (Владивосток)  |c (1920-1930)  |2 stltpush  |3 (RuTPU)RU\TPU\col\19935 
801 1 |a RU  |b 63413507  |c 20170216 
801 2 |a RU  |b 63413507  |c 20170317  |g RCR 
942 |c BK